000 00341nab a22001097u 4500
008 130520b1986 xxu||||| |||| 00| 0 spa d
041 _aspa
100 1 _aGogolok, O. E.
_967384
245 0 0 _aAspectos pastorales de la religión popular en Brasil
_cO. E. Gogolok
773 0 _tConcilium
_gV.2,1986,págs.125-132
_x0210-1041
_wRev134
942 _cAR
999 _c355232
_d355232